[Event "Madurai Athens of the East op 3rd"]
[Site "Madurai"]
[Date "2023.12.27"]
[Round "7"]
[White "Rathnakaran, Kantholi"]
[Black "Tarun, Vijayakumar"]
[Result "1-0"]
[WhiteElo "2232"]
[BlackElo "1631"]
[PlyCount "119"]
[EventDate "2023.12.23"]
[EventType "swiss"]
[EventRounds "10"]
[EventCountry "IND"]
[SourceTitle "CB06_2024"]
[SourceDate "2024.02.07"]
[SourceVersion "1"]
[SourceVersionDate "2024.02.07"]
[SourceQuality "1"]

1. e4 e5 2. Nf3 Nc6 3. Bb5 Nge7 4. 0-0 Ng6 5. c3 a6 6. Ba4 Be7 7. d4 b5 8. Bc2 d6 9. h3 0-0 10. Re1 Kh8 11. a4 Bd7 12. axb5 axb5 13. Rxa8 Qxa8 14. dxe5 Ncxe5 15. Nd4 Nc4 16. b3 Nb6 17. Qh5 Bf6 18. Nf3 Re8 19. Bg5 Be5 20. Be3 f6 21. Nh4 Nxh4 22. Qxh4 g5 23. Qh5 c5 24. h4 g4 25. Qh6 Rg8 26. Bc1 Qa2 27. Qd2 Be6 28. Qd1 Ra8 29. Be3 Qb2 30. Bc1 Qa1 31. Re2 Bxb3 32. Bxb3 Qxb1 33. Bc2 Qa1 34. g3 Qxc3 35. Re3 Qa1 36. Kg2 c4 37. h5 h6 38. Re1 Rg8 39. Qd2 Rg5 40. Qe2 Qc3 41. Bxg5 hxg5 42. Rb1 b4 43. Qxg4 Qxc2 44. Rxb4 Bd4 45. Qf5 Qd2 46. e5 Qxb4 47. Qxf6+ Kg8 48. Qg6+ Kh8 49. Qh6+ Kg8 50. Qxg5+ Kf7 51. Qf4+ Ke6 52. Qxd4 Qc5 53. Qxc5 dxc5 54. h6 c3 55. h7 c2 56. h8Q c1Q 57. Qf6+ Kd5 58. Qd6+ Ke4 59. f3+ Ke3 60. Qh6+ 1-0